000 01470nam a2200397 i 4500
001 133708
003 ES-MaACL
005 20250414191424.0
007 t|
008 070827s1931 sp 001 j spa d
080 _a821.134.2-31"19"(082.2)
245 0 4 _aLas 7 virtudes.
250 _a1ª ed.
260 _aMadrid :
_bEspasa Calpe,
_c1931.
300 _a258 p. ;
_c19 cm.
505 8 _aContiene: Antesala / Benjamín Jarnés . La templanza / Valentín Andrés Álvarez . La humildad / César M. Arconada . La castidad / Antonio Botín Polanco . La larguez / José Díaz Fernández . La paciencia / Antonio Espina . La caridad / Ramón Gómez de la Serna . La diligencia / Benjamín Jarnés
650 4 _aNovela española-
_yS.XX
_915636
700 1 _aJarnés, Benjamín,
_d1888-1949
_9154398
700 1 _aAndrés Álvarez, Valentín,
_d1891-1982
_9174884
700 1 _aArconada, César M.,
_d1898-1964
_9142239
700 1 _aBotín Polanco, Antonio.
_930786
700 1 _aDíaz Fernández, José.
_944277
700 1 _aEspina, Antonio,
_d1894-1972
_947833
700 1 _aGómez de la Serna, Ramón,
_d1888-1963
_957901
740 0 2 _aAntesala.
740 3 2 _aLa templanza.
740 3 2 _aLa humildad.
740 3 2 _aLa castidad.
740 3 2 _aLa larguez.
740 3 2 _aLa paciencia.
740 3 2 _aLa caridad.
740 3 2 _aLa diligencia.
740 4 2 _aLas siete virtudes.
852 4 _aES-MaACL
_jE-977
999 _c133708
_d133708